<?xml version="1.0" encoding="UTF-8"?>
<record
    xmlns:xsi="http://www.w3.org/2001/XMLSchema-instance"
    xsi:schemaLocation="http://www.loc.gov/MARC21/slim http://www.loc.gov/standards/marcxml/schema/MARC21slim.xsd"
    xmlns="http://www.loc.gov/MARC21/slim">

  <leader>01692    a2200241   4500</leader>
  <controlfield tag="001">114373</controlfield>
  <datafield tag="020" ind1=" " ind2=" ">
    <subfield code="a">9788525057952</subfield>
  </datafield>
  <datafield tag="020" ind1=" " ind2=" ">
    <subfield code="q">(broch.)</subfield>
  </datafield>
  <datafield tag="041" ind1=" " ind2=" ">
    <subfield code="a">por</subfield>
  </datafield>
  <datafield tag="082" ind1=" " ind2=" ">
    <subfield code="a">AP SK 028</subfield>
  </datafield>
  <datafield tag="300" ind1=" " ind2=" ">
    <subfield code="a">24p.</subfield>
  </datafield>
  <datafield tag="520" ind1=" " ind2=" ">
    <subfield code="a">O bobo da corte achava que rei n&#xE3;o ria mais de suas piadas. Os s&#xE1;bios diziam que outras formas de se divertir logo seriam inventadas. Antes de correr o risco de ficar sem emprego, o buf&#xE3;o tirou a fantasia e foi embora do castelo. No entanto, o que o bobo n&#xE3;o sabia era que sua aus&#xEA;ncia seria notada. Logo o rei ordenou que todo o reino procurasse por ele, pois o castelo n&#xE3;o era mais t&#xE3;o engra&#xE7;ado. Surpreso, o bobo descobriu que ainda havia lugar pra ele na corte. O bobo que n&#xE3;o era bobo de Milton C&#xE9;lio de Oliveira Filho destaca a import&#xE2;ncia do riso e da alegria. O livro trata delicadamente de temas como a busca por aceita&#xE7;&#xE3;o e as consequ&#xEA;ncias de tirar conclus&#xF5;es precipitadas. As ilustra&#xE7;&#xF5;es divertidas de Ivan Zigg capturam a aten&#xE7;&#xE3;o do pequeno leitor. As cores intensas d&#xE3;o vida a elementos do imagin&#xE1;rio infantil, como o castelo, o rei, seus cavaleiros e guardas. Enquanto as crian&#xE7;as torcem para que o bobo e o reino voltem a sorrir, a hist&#xF3;ria aborda a import&#xE2;ncia de acreditar em si mesmo com simplicidade e delicadeza.</subfield>
  </datafield>
  <datafield tag="521" ind1=" " ind2=" ">
    <subfield code="a">IK</subfield>
  </datafield>
  <datafield tag="697" ind1=" " ind2=" ">
    <subfield code="a">Fic&#xE7;&#xE3;o infantojuvenil</subfield>
  </datafield>
  <datafield tag="856" ind1=" " ind2=" ">
    <subfield code="u">000025/00002584.jpg</subfield>
  </datafield>
  <datafield tag="040" ind1=" " ind2=" ">
    <subfield code="a">BR-BrIDEA</subfield>
    <subfield code="c">BR-BrIDEA</subfield>
  </datafield>
  <datafield tag="090" ind1=" " ind2=" ">
    <subfield code="a">AP SK 028</subfield>
    <subfield code="b">OLI</subfield>
  </datafield>
  <datafield tag="100" ind1=" " ind2=" ">
    <subfield code="a">Oliveira Filho, Milton C&#xE9;lio de</subfield>
    <subfield code="d">1953</subfield>
  </datafield>
  <datafield tag="245" ind1="1" ind2="0">
    <subfield code="a">O bobo que n&#xE3;o era bobo</subfield>
    <subfield code="c">Milton C&#xE9;lio d Oliveira Filho; ilustra&#xE7;&#xF5;es de Ivan Zigg</subfield>
  </datafield>
  <datafield tag="260" ind1=" " ind2=" ">
    <subfield code="a">S&#xE3;o Paulo</subfield>
    <subfield code="b">Globinho</subfield>
    <subfield code="c">2014</subfield>
  </datafield>
  <datafield tag="700" ind1=" " ind2=" ">
    <subfield code="a">Zigg, Ivan</subfield>
    <subfield code="e">ilustrador</subfield>
  </datafield>
  <datafield tag="942" ind1=" " ind2=" ">
    <subfield code="c">BK</subfield>
  </datafield>
  <datafield tag="952" ind1=" " ind2=" ">
    <subfield code="0">0</subfield>
    <subfield code="1">0</subfield>
    <subfield code="2">ddc</subfield>
    <subfield code="4">0</subfield>
    <subfield code="7">0</subfield>
    <subfield code="a">12.27</subfield>
    <subfield code="b">12.27</subfield>
    <subfield code="d">2020-11-18</subfield>
    <subfield code="l">0</subfield>
    <subfield code="o">AP SK 028 OLI</subfield>
    <subfield code="p">00051462AGC</subfield>
    <subfield code="r">2024-01-23 14:54:07</subfield>
    <subfield code="w">2024-01-23</subfield>
    <subfield code="y">BK</subfield>
  </datafield>
  <datafield tag="952" ind1=" " ind2=" ">
    <subfield code="0">0</subfield>
    <subfield code="1">0</subfield>
    <subfield code="2">ddc</subfield>
    <subfield code="4">0</subfield>
    <subfield code="7">0</subfield>
    <subfield code="a">12.28</subfield>
    <subfield code="b">12.28</subfield>
    <subfield code="d">2017-02-01</subfield>
    <subfield code="l">0</subfield>
    <subfield code="o">P SK 028 OLI</subfield>
    <subfield code="p">00027265SSW</subfield>
    <subfield code="r">2024-01-23 14:54:07</subfield>
    <subfield code="w">2024-01-23</subfield>
    <subfield code="y">BK</subfield>
  </datafield>
  <datafield tag="952" ind1=" " ind2=" ">
    <subfield code="0">0</subfield>
    <subfield code="1">0</subfield>
    <subfield code="2">ddc</subfield>
    <subfield code="4">0</subfield>
    <subfield code="7">0</subfield>
    <subfield code="a">12.28</subfield>
    <subfield code="b">12.28</subfield>
    <subfield code="d">2017-02-01</subfield>
    <subfield code="l">0</subfield>
    <subfield code="o">P SK 028 OLI</subfield>
    <subfield code="p">00027266SSW</subfield>
    <subfield code="r">2024-01-23 14:54:07</subfield>
    <subfield code="w">2024-01-23</subfield>
    <subfield code="y">BK</subfield>
  </datafield>
  <datafield tag="952" ind1=" " ind2=" ">
    <subfield code="0">0</subfield>
    <subfield code="1">0</subfield>
    <subfield code="2">ddc</subfield>
    <subfield code="4">0</subfield>
    <subfield code="7">0</subfield>
    <subfield code="a">12.28</subfield>
    <subfield code="b">12.28</subfield>
    <subfield code="d">2017-02-01</subfield>
    <subfield code="l">0</subfield>
    <subfield code="o">P SK 028 OLI</subfield>
    <subfield code="p">00027264SSW</subfield>
    <subfield code="r">2024-01-23 14:54:07</subfield>
    <subfield code="w">2024-01-23</subfield>
    <subfield code="y">BK</subfield>
  </datafield>
  <datafield tag="952" ind1=" " ind2=" ">
    <subfield code="0">0</subfield>
    <subfield code="1">0</subfield>
    <subfield code="2">ddc</subfield>
    <subfield code="4">0</subfield>
    <subfield code="7">0</subfield>
    <subfield code="a">12.27</subfield>
    <subfield code="b">12.27</subfield>
    <subfield code="d">2018-12-03</subfield>
    <subfield code="l">0</subfield>
    <subfield code="o">AP SK 028 OLI</subfield>
    <subfield code="p">00039225AGC</subfield>
    <subfield code="r">2024-01-23 14:54:07</subfield>
    <subfield code="w">2024-01-23</subfield>
    <subfield code="y">BK</subfield>
  </datafield>
  <datafield tag="999" ind1=" " ind2=" ">
    <subfield code="c">114373</subfield>
    <subfield code="d">114373</subfield>
  </datafield>
</record>
